Far Eastern trade, 1860-1914
This book introduce information obtained from the records of shipping companies, the background material for this volume is drawn chiefly from published sources.
Guardado en:
| Autor principal: | |
|---|---|
| Formato: | Libro |
| Lenguaje: | Undetermined |
| Publicado: |
London
Adam and C. Black
1973
|
| Materias: | |
| Etiquetas: |
Agregar Etiqueta
Sin Etiquetas, Sea el primero en etiquetar este registro!
|
| Thư viện lưu trữ: | Trung tâm Học liệu Trường Đại học Cần Thơ |
|---|
| LEADER | 00787nam a2200229Ia 4500 | ||
|---|---|---|---|
| 001 | CTU_221877 | ||
| 008 | 210402s9999 xx 000 0 und d | ||
| 082 | |a 382.094 | ||
| 082 | |b H993 | ||
| 100 | |a Hyde, Francis E. | ||
| 245 | 0 | |a Far Eastern trade, 1860-1914 | |
| 245 | 0 | |c Francis E. Hyde | |
| 260 | |a London | ||
| 260 | |b Adam and C. Black | ||
| 260 | |c 1973 | ||
| 520 | |a This book introduce information obtained from the records of shipping companies, the background material for this volume is drawn chiefly from published sources. | ||
| 650 | |a East Asia,Đông Á | ||
| 650 | |x Commerce,History,Thương mại,Lịch sử | ||
| 650 | |z Great Britain,Nước Anh | ||
| 904 | |i Qhieu | ||
| 910 | |a Qhieu | ||
| 980 | |a Trung tâm Học liệu Trường Đại học Cần Thơ | ||